000
00259nam a22001097a 4500
082
_a
150/MAI
100
_a
Maisel, Eric
_9
82826
245
_a
THE POWER OF DAILY PRACTICE
260
_a
Mumbai
_J
Jaico Publishing House
_c
2022
650
_a
Philosophy
942
_c
BK
999
_c
67551
_d
67551